书目信息 |
| 题名: |
量具的使用和保养
|
|
| 作者: | ;北京内燃机总厂计量室 | |
| 分册: | ||
| 出版信息: | 北京 北京人民出版社 1973 |
|
| 页数: | 73页 | |
| 开本: | 20cm | |
| 丛书名: | ||
| 单 册: | ||
| 中图分类: | TH71 | |
| 科图分类: | ||
| 主题词: | 计量仪器 | |
| 电子资源: | ||
| ISBN: | ||
| 000 | 00576nam0 2200181 450 | |
| 001 | 0634487509 | |
| 005 | 20060728082711.31 | |
| 010 | @dCNY0.18 | |
| 100 | @a20060414d1973 km y0chiy0120 ea | |
| 101 | 0 | @achi |
| 200 | 1 | @a量具的使用和保养@Aliang ju de shi yong he bao yang@f北京内燃机总厂计量室@Fbei jing nei ran ji zong chang ji liang shi |
| 210 | @a北京@c北京人民出版社@d1973 | |
| 215 | 1 | @a73页@d20cm |
| 606 | 0 | @a计量仪器 |
| 690 | @aTH71@v4 | |
| 711 | 0 | @a北京内燃机总厂计量室@Abei jing nei ran ji zong chang ji liang shi |
| 801 | 0 | @aCN@bPFT@c20060728 |
| 905 | @a10447@dTH71@e2 | |
| 量具的使用和保养/北京内燃机总厂计量室.-北京:北京人民出版社,1973 |
| 73页;20cm |
| ISBN :CNY0.18 |
| ● |
| 相关链接 |
|
|
|
|
正题名:量具的使用和保养
索取号:TH71/2
 
预约/预借
| 序号 | 登录号 | 条形码 | 馆藏地/架位号 | 状态 | 备注 |
| 1 | 0017004 | 202369980 | 密集书库/ [索取号:TH71/2] | 在馆 | |
| 2 | 0017005 | 202369793 | 密集书库/ [索取号:TH71/2] | 在馆 | |
| 3 | 0017007 | 202369944 | 密集书库/ [索取号:TH71/2] | 在馆 | |
| 4 | 0017008 | 202258573 | 密集书库/ [索取号:TH71/2] | 在馆 | |
| 5 | 0438912 | 204389125 | 密集书库/ [索取号:TH71/2] | 在馆 | |
| 6 | 0438913 | 204389134 | 密集书库/ [索取号:TH71/2] | 在馆 |